| 000 | 01019nam a2200253Ia 4500 | ||
|---|---|---|---|
| 003 | OSt | ||
| 005 | 20200804151131.0 | ||
| 008 | 191128s2008 ck fr 000 0 spa d | ||
| 020 | _a9789587114201 | ||
| 040 |
_aCO-JMCR _cCO-JMCR |
||
| 041 | 0 | _aspa | |
| 082 | 0 | 4 |
_a343.034026 / _bG652c _223 |
| 100 | 1 |
_aGómez Sierra, Francisco, _eautor _98371 |
|
| 245 | 1 | 0 |
_aControl fiscal y proceso de responsabilidad fiscal / _cFrancisco Gómez Sierra |
| 250 | _aSéptima edición | ||
| 260 |
_aBogotá : _bLeyer, _c2008 |
||
| 300 |
_axvi, 475 páginas ; _c22 cm + _e1 cd |
||
| 490 | 0 | _aColección códigos anotados | |
| 505 | 0 | _aRégimen constitucional del control fiscal -- Régimen legal del control fiscal -- El proceso de responsabilidad fiscal de competencias de las contralorías -- Régimen jurídico de la contraloría General de la República y las contralorías departamentales | |
| 650 | 1 | 4 |
_aDerecho fiscal _98372 |
| 650 | 1 | 4 |
_aAuditoría fiscal _94375 |
| 650 | 1 | 4 |
_aResponsabilidad legal _9971 |
| 942 |
_2ddc _cBK |
||
| 999 |
_c5896 _d5896 |
||